000 00499nam a2200145 4500
008 151012b xxu||||| |||| 00| 0 eng d
020 _a0910244413
050 _aSPE F 262.A19 .W44 1996
100 _aWhedbee, Charles Harry.
_d1996.
245 _aLegends Of the Outer Banks and Tar Heel Tidewater/
_cWhedbee, charles Harry.
260 _aUSA:
_bJohn F. Blair,
_c1996.
300 _aviii,165p.:
650 _aEnglish Fiction
942 _2lcc
_cSH_L_BOOKS
_hSPE F 262.A19 .W44 1996
999 _c8408
_d8408